LIBRARY & INFORMATION CENTRE, KCAET, TAVANUR

ONLINE PUBLIC ACCESS CATALOGUE (OPAC)

Normal view MARC view
  • Donahue, Roy L

Entry Personal Name

Number of records used in: 1

001 - CONTROL NUMBER

  • control field: 6097

003 - CONTROL NUMBER IDENTIFIER

  • control field: OSt

005 - DATE AND TIME OF LATEST TRANSACTION

  • control field: 20240222161530.0

008 - FIXED-LENGTH DATA ELEMENTS

  • fixed length control field: 240222|| aca||aabn | a|a d

040 ## - CATALOGING SOURCE

  • Original cataloging agency: OSt
  • Transcribing agency: OSt

100 ## - HEADING--PERSONAL NAME

  • Personal name: Donahue, Roy L

670 ## - SOURCE DATA FOUND

  • Source citation: Work cat.: (OSt)4826: Miller, Raymond W . 6096, Soils: An introduction to soils and plant growth / , 1961.
free website counter